000 00553nam a2200205Ia 4500
005 20250326144547.0
008 250326s9999 xx 000 0 und d
020 _a978-0-7475-9096-5
037 _aTextbook
040 _aFMSL
_beng
_cFMSL
041 _aeng
_2eng
084 _aG:55 P6
_qFMSL
100 _aAl Gore
_9749890
245 0 _aInconventient truth : crisis of global warming
_cAl Gore
260 _aLondon
_bLondon, Bloomsbury
_c2007
300 _a191p
365 _b750
942 _cTB
_hG:55 P6
999 _c1304168
_d1304168